00669cam a22002177a 4500003000500000005001700005008004100022010001000063011001000073035001000083040000900093100002100102245005800123260005100181300002200232490004600254650003500300650003300335710003700368830004600405CHAP20220817041419.0971013s1980 r 00010 d a13773 a14745 a18819 cCHAP00aHenfling, Jan W.13aEl tizón tardío de la papa Phytophthora infestans aLima :bCentro Internacional de la Papa,c1980 a16 h.b: apénd. 0aBoletín de información técnicav; 414aPapaxEnfermedades por hongos.14aTizón tardío de la papa.0 aCentro Internacional de la Papa.0 aBoletín de información técnicav; 4